000 00841nas a2200277 4500
001 BR2013004687
003 BR-BrBNA
005 20231205122458.0
007 ta
008 230509b bl.|||p| |||| 00| 00por d
040 _aBR-BrBNA
_bpor
_cBiblioteca Nacional de Agricultura
041 _a(Pt)
072 _aF04; P33
100 1 _aRamos, L.A.
100 1 _aKorndörfer, G.H.
100 1 _aNolla, A.
245 1 _aAcúmulo de silício em plantas de arroz do ecossistema de várzea submetido à aplicação de diferentes fontes
650 _aARROZ
650 _aSILÍCIO
650 _aADUBAÇÃO
650 _aQUÍMICA DO SOLO
650 _aPRODUTIVIDADE
773 0 _tBragantia (Brazil)
_xISSN 0006-8705
_g(Jul-Sep 2008), v. 67(3) p. 751-757
_wBR2013004687
909 _a202311
_bLúcia
_c55
_dLúcia Elande
942 _2AGRIS
_n0
_cANA
999 _c228858
_d228858